000
00382nam a2200145Ia 4500
041
_a
Kurdish
082
_a
340,09 cut-695 م
100
_a
20260118u\\\\\\\\\\\y0engy0103\\\\ba
100
_a
مافناس جەمیل محەمەد
245
0
_a
مێژووى یاسا
250
_a
چ1
260
_b
چاپخانە یادگار
_a
هەوڵیر
_c
2017
300
_a
313
942
_c
Bk
999
_c
188767
_d
188767